Coffee or Tea? Countries Quiz Stats

 Plays Quiz Updated Sep 23, 2013

Support Sporcle.
Go Orange.
Score 0/26 Timer 03:00
4 Plays Today
Country (C)offee or (T)ea? % Correct
United States???
93.5%
Germany???
87.2%
China???
86.9%
Italy???
86.2%
United Kingdom???
83%
Belgium???
81.5%
Switzerland???
81.4%
Denmark???
81.4%
France???
81.4%
Sweden???
81%
Norway???
80.7%
Austria???
80.4%
Netherlands???
79.4%
Country (C)offee or (T)ea? % Correct
Finland???
79%
Canada???
77.2%
Syria???
67%
Kazakhstan???
66.1%
United Arab Emirates???
65.6%
Mauritania???
61.2%
Morocco???
60%
Ireland???
59.7%
Turkey???
54.9%
Australia???
51.2%
Bahamas???
49.1%
New Zealand???
48.2%
Japan???
16.3%

You're not logged in!

Compare scores with friends on all Sporcle quizzes.
OR
Log In

From the Vault

Last Lines Before Dying II

by DarkPhalanx

If you're going to die, you might as well say something clever on your way out.
Remove Ads.
Support Sporcle.
Get the best of Sporcle when you Go Orange. This ad-free experience offers more features, more stats, and more fun while also helping to support Sporcle. Thank you for becoming a member.

Show Comments

Extras

Top Quizzes Today


Score Distribution

Your Account Isn't Verified!

In order to create a playlist on Sporcle, you need to verify the email address you used during registration. Go to your Sporcle Settings to finish the process.

Report this User

Report this user for behavior that violates our Community Guidelines.

Details: